Đang tải...

A study on the services of anganwadi to pregnant and lactating women and its utilisation with special reference to pattanakadu panchayath in alappuzha district

Chi tiết về thư mục
Tác giả chính: Namith S
Được phát hành: Kalady Sree Sankaracharya University of Sanskrit 2008
Những chủ đề:
LEADER 00790nam a22001691a 4500
020 |c 0.00 
040 |a SSUS - Library - Kalady 
082 |a SW 362.83  |b NAM/S 
100 |a Namith S 
245 |a  A study on the services of anganwadi to pregnant and lactating women and its utilisation with special reference to pattanakadu panchayath in alappuzha district  |h [M.S.W Dissertation] 
260 |a Kalady  |b Sree Sankaracharya University of Sanskrit  |c 2008 
600 |a Master of Social Work Dissertation 
600 |a Pregnant and Lactating Women 
852 |k Reference  |h SW 362.83  |i NAM/S  |p T1224  |9 0.00  |t 0 
942 |c REF 
999 |c 45065  |d 45065 
952 |0 0  |1 0  |2 ddc  |4 0  |6 R_SW_362_830000000000000_NAM_S  |7 0  |9 65036  |a SSUS  |b SSUS  |c REF  |d 2015-01-08  |g 0.00  |o R SW 362.83 NAM/S  |p D0700  |r 2015-01-08  |v 0.00  |w 2015-01-08  |y PGD